000 01025nac a22003497a 4500
001 BR0503640
003 BR-BrBNA
005 20240105123155.0
008 230509b bl.|||m| |||| 00| 0 por d
040 _aBR-BrBNA
_bpor
_cBiblioteca Nacional de Agricultura
072 _aL02
090 _a0430 BR0503640
100 1 _aBeltrão, N.E. de M.
100 1 _aPereira, J.R.
110 1 _aEMBRAPA Algodão, Campina Grande, PB (Brasil)
_93546
245 1 _aA semente do algodoeiro - 1. Uso "in natura" na alimentação animal
260 3 _aCampina Grande, PB (Brasil):
_c2000.
300 _a5 p.
490 _aComunicado Técnico - EMBRAPA Algodão (Brazil)
_vno. 120
_x
500 _a9 ref.
650 _aALGODÃO
650 _aSEMENTE
650 _aLINTER
650 _aNUTRIÇÃO ANIMAL
650 _aPROTEÍNA
650 _aLIPÍDIO
650 _aCARBOIDRATO
650 _aINDUSTRIALIZAÇÃO
650 _aCOMERCIALIZAÇÃO
909 _a202312
_bLúcia Elande
_c55
_dLúcia Elande
942 _2AGRIS
_n0
_cMS
999 _c294304
_d294304